| 000 | 00342nam a2200133Ia 4500 | ||
|---|---|---|---|
| 008 | 230917s9999||||xx |||||||||||||| ||und|| | ||
| 040 |
_e93173 _aMAIN |
||
| 041 | _aEnglish | ||
| 082 | _a677 M317S | ||
| 100 | _aManoj Kumar | ||
| 245 | 0 | _aStudies on solvent assisted dyeing of acrylic fibres with dispere dyes | |
| 300 | _a43 p. | ||
| 942 | _cTH | ||
| 999 |
_c50191 _d50191 |
||